Tilastot visalle Autonmerkit maittain: Italia

Klikkaa tästä pelataksesi tätä visaa!

Yleistilastot

  • Tätä visaa on pelattu 38 kertaa
  • Keskiarvotulos 6 / 8

Vastaustilastot

Vastaus% Oikein
Alfa Romeo
100%
Ferrari
100%
Lamborghini
90%
Lancia
87%
Fiat
73%
Maserati
67%
Abarth
40%
De Tomaso
10%

Tulosjakauma

Persentiili vastausten määrän mukaan

Jokaisen tuloksen saaneiden osuus

Tuloshistoriasi

Et ole pelannut tätä visaa